University Home | Library Home | Institutional Repository

Handbook of clinical neurology : (Record no. 216585)

MARC details
000 -LEADER
fixed length control field 00940nam a22002657a 4500
005 - DATE AND TIME OF LATEST TRANSACTION
control field 20260413133148.0
008 - FIXED-LENGTH DATA ELEMENTS--GENERAL INFORMATION
fixed length control field 260413b |||||||| |||| 00| 0 eng d
020 ## - INTERNATIONAL STANDARD BOOK NUMBER
International Standard Book Number 0444905030
040 ## - CATALOGING SOURCE
Original cataloging agency LC
Transcribing agency UNZA
Description conventions RDA
050 ## - LIBRARY OF CONGRESS CALL NUMBER
Classification number RC 388.5
Item number HAN 1989
245 ## - TITLE STATEMENT
Title Handbook of clinical neurology :
Remainder of title vascular disease : part III /
Statement of responsibility, etc. editors, Pierre J. Vinken; George W. Bruyn and Harold L. Klawands; This volume has been co-edited by James R. Toole.
260 ## - PUBLICATION, DISTRIBUTION, ETC.
Place of publication, distribution, etc. Amsterdam :
Name of publisher, distributor, etc. Elsevier,
Date of publication, distribution, etc. 1989.
300 ## - PHYSICAL DESCRIPTION
Extent xvii, 588 pages :
Other physical details illustrations.
336 ## - CONTENT TYPE
CONTENT TYPE Text
337 ## - MEDIA TYPE
MEDIA TYPE Unmediated
338 ## - CARRIER TYPE
CARRIER TYPE Volume
440 ## - SERIES STATEMENT/ADDED ENTRY--TITLE
Number of part/section of a work Revised series 11
Volume/sequential designation Volume 55
504 ## - BIBLIOGRAPHY, ETC. NOTE
Bibliography, etc. note Includes bibliographical references and index.
650 ## - SUBJECT ADDED ENTRY--TOPICAL TERM
Source of heading or term LC
Topical term or geographic name entry element Cerebrovascular diseases.
700 ## - ADDED ENTRY--PERSONAL NAME
Personal name Vinken, Pierre J.
Relator term editor
700 ## - ADDED ENTRY--PERSONAL NAME
Personal name Bruyn, George W.
Relator term editor
700 ## - ADDED ENTRY--PERSONAL NAME
Personal name Klawans, Harold L.
Relator term editor
700 ## - ADDED ENTRY--PERSONAL NAME
Personal name Toole, James F.
Relator term co-editor
942 ## - ADDED ENTRY ELEMENTS (KOHA)
Koha item type Book
999 ## -
-- 216585
-- 216585
Holdings
Withdrawn status Lost status Source of classification or shelving scheme Damaged status Not for loan Collection code Home library Current library Shelving location Date acquired Total Checkouts Full call number Barcode Date last seen Copy number Cost, replacement price Price effective from Koha item type
    Library of Congress Classification     Non-fiction Medical Library Medical Library On Shelf 04/13/2026   RC 388.5 HAN 1989 33729000154000 04/13/2026 1 300.00 04/13/2026 Book
    Library of Congress Classification     Non-fiction Medical Library Medical Library On Shelf 04/13/2026   RC 388.5 HAN 1989 33729000153960 04/13/2026 2 300.00 04/13/2026 Book
© 2026 - The University of Zambia Library - Koha v25.11